00618nam a22002051 450000100060000000300080000600500170001400800390003103500190007003500190008904000290010804100080013708200270014510000290017224500930020126000380029430000260033250400360035865000180039417229BD-RjUL20211209000116.0140216s1961 nyn b 000 1 eng a(BD-RjUL)17287 a(OCoLC)1524660 aDLCcMoWgWdBD-RjULbeng aeng042 20a808.831bJAF 19611 aJames, Henryd1843-1916.10aFifteen short stories /cHenry James, Edited and with an introd. by Morton Dauwen Zabel. aNew York :bBantam Books,cc1961. axxx, 476 p. ;c18 cm. aInclude bibliography and index. aShort stories